[Event "Prva liga Centralne Srbije 2010"]
[Site "Valjevo"]
[Date "2010.09.20"]
[Round "3.5"]
[White "Nikolic, Dragovan"]
[Black "Rasic, Goran"]
[Result "1-0"]
[WhiteElo "2296"]
[BlackElo "2219"]
[PlyCount "62"]
[EventDate "2010.09.18"]

1. d4 c5 2. dxc5 e6 3. c4 Bxc5 4. Nf3 Nf6 5. e3 O-O 6. Nc3 a6 7. Bd3 Qc7 8. O-O
Nc6 9. a3 Be7 10. b4 d6 11. Bb2 Bd7 12. Rc1 Qb6 13. Qe2 Rac8 14. c5 dxc5 15.
Na4 Qa7 16. Nxc5 Be8 17. Rfd1 Rd8 18. Rd2 Rd5 19. Nb3 Qb8 20. e4 Rh5 21. h3 Bd6
22. Rcd1 Bf4 23. Rc2 Ne5 24. Nxe5 Bxe5 25. Bxe5 Qxe5 26. Rc5 Qf4 27. Rxh5 Nxh5
28. Qxh5 f5 29. Qf3 Qg5 30. Qg3 Qh5 31. Rc1 Bc6 1-0

[Event "Prva liga Centralne Srbije 2010"]
[Site "Valjevo"]
[Date "2010.09.20"]
[Round "3.6"]
[White "Kojovic, Dragan"]
[Black "Simantsev, Mikhail"]
[Result "0-1"]
[WhiteElo "2388"]
[BlackElo "2541"]
[PlyCount "72"]
[EventDate "2010.09.18"]

1. e4 c5 2. Nf3 e6 3. Nc3 a6 4. d4 cxd4 5. Nxd4 b5 6. Bd3 Qb6 7. Nb3 Qc7 8. O-O
Nf6 9. Be3 Bb7 10. a3 Be7 11. f4 d6 12. Qf3 O-O 13. Rae1 Re8 14. Qh3 Nbd7 15.
g4 g6 16. g5 Nh5 17. Be2 Ng7 18. Bg4 f5 19. gxf6 Bxf6 20. Nd4 Nc5 21. Bf2 Kh8
22. Qh6 Qe7 23. h4 Nd7 24. Nf3 Nh5 25. Bxh5 Bg7 26. Qg5 Bf6 27. Qh6 gxh5 28.
Ng5 Rg8 29. Qxh5 Bxc3 30. bxc3 Nf6 31. Qf3 h6 32. Kg2 hxg5 33. hxg5 Nh7 34. Rh1
Raf8 35. Rh6 Rxg5+ 36. Kf1 e5 0-1

[Event "Prva liga Centralne Srbije 2010"]
[Site "Valjevo"]
[Date "2010.09.20"]
[Round "3.6"]
[White "Milenkovic, Mladen"]
[Black "Solomunovic, Igor"]
[Result "1-0"]
[WhiteElo "2406"]
[BlackElo "2406"]
[PlyCount "145"]
[EventDate "2010.09.18"]

1. e4 e5 2. Nc3 Nf6 3. Bc4 Nc6 4. d3 Bb4 5. Nge2 d5 6. exd5 Nxd5 7. O-O Be6 8.
Bxd5 Bxd5 9. f4 O-O 10. f5 f6 11. Ng3 Bf7 12. Kh1 Bxc3 13. bxc3 Ne7 14. Qg4 Kh8
15. Rf3 Bd5 16. Ne4 Bxe4 17. Qxe4 Qd5 18. Ba3 Qxe4 19. dxe4 Rf7 20. Bxe7 Rxe7
21. Rd1 Kg8 22. g4 Kf7 23. Kg2 Rg8 24. Rfd3 g6 25. Rd8 Rxd8 26. Rxd8 gxf5 27.
exf5 Re8 28. Rd7+ Re7 29. Rd8 Re8 30. Rd1 Ke7 31. Kf3 Rd8 32. Rxd8 Kxd8 33. g5
Ke7 34. Ke4 b5 35. h4 Kf7 36. c4 bxc4 37. Kd5 h6 38. g6+ Kg7 39. Kxc4 h5 40.
Kc5 Kf8 41. a4 Ke7 42. a5 a6 43. Kd5 Kf8 44. c4 Ke7 45. c5 Kf8 46. Ke6 Kg7 47.
Kd5 Kf8 48. c6 Ke7 49. Kc4 Kf8 50. Kc5 Ke7 51. Kd5 Kf8 52. Ke6 Kg7 53. Kd7 e4
54. Kxc7 e3 55. Kb8 e2 56. c7 e1=Q 57. c8=Q Qe5+ 58. Qc7+ Kh6 59. Kb7 Qb5+ 60.
Qb6 Qxf5 61. Kxa6 Qe4 62. g7 Qa8+ 63. Kb5 Qd5+ 64. Kb4 Qd2+ 65. Kc5 Qc3+ 66.
Kd6 Qe5+ 67. Kc6 Qe4+ 68. Kc7 Qe7+ 69. Kc8 Qxg7 70. Qe3+ Kh7 71. Qe4+ Kh6 72.
Qf4+ Kh7 73. Qc7 1-0

[Event "Prva liga Centralne Srbije 2010"]
[Site "Valjevo"]
[Date "2010.09.20"]
[Round "3.6"]
[White "Vratonjic, Slobo"]
[Black "Brankovic, Dejan"]
[Result "1/2-1/2"]
[WhiteElo "2404"]
[BlackElo "2343"]
[PlyCount "61"]
[EventDate "2010.09.18"]

1. e4 c5 2. Nf3 Nc6 3. Bb5 g6 4. Bxc6 dxc6 5. h3 Bg7 6. d3 e5 7. Be3 Qe7 8. O-O
Nf6 9. a4 O-O 10. Nbd2 Rd8 11. Qe2 Nd7 12. c3 Nf8 13. Nc4 h6 14. Rfd1 f5 15.
exf5 Bxf5 16. g4 Be6 17. Ncd2 g5 18. Ne4 b6 19. Ng3 Qf7 20. Nd2 Ng6 21. Nde4
Nf4 22. Bxf4 exf4 23. Nh5 Bh8 24. f3 Qe7 25. h4 Bf7 26. hxg5 hxg5 27. Qh2 Rd5
28. Re1 Re5 29. Kg2 Bg6 30. Rh1 Kf7 31. Rhe1 1/2-1/2

[Event "Prva liga Centralne Srbije 2010"]
[Site "Valjevo"]
[Date "2010.09.20"]
[Round "3.6"]
[White "Dezelin, Milan"]
[Black "Rabrenovic, Vladan"]
[Result "1/2-1/2"]
[WhiteElo "2273"]
[BlackElo "2384"]
[PlyCount "27"]
[EventDate "2010.09.18"]

1. d4 d6 2. e4 Nf6 3. Nc3 g6 4. g3 Bg7 5. Bg2 O-O 6. Nge2 Nbd7 7. O-O c6 8. a4
a5 9. h3 Qc7 10. Be3 e5 11. Qd2 Re8 12. Rad1 b6 13. d5 cxd5 14. Nxd5 1/2-1/2

[Event "Prva liga Centralne Srbije 2010"]
[Site "Valjevo"]
[Date "2010.09.20"]
[Round "3.6"]
[White "Sredojevic, Ivan"]
[Black "Milosevic, Aleksandar"]
[Result "1-0"]
[WhiteElo "2390"]
[BlackElo "2254"]
[PlyCount "81"]
[EventDate "2010.09.18"]

1. e4 c5 2. Nf3 d6 3. d4 cxd4 4. Nxd4 Nf6 5. Nc3 a6 6. Bg5 e6 7. f4 Qc7 8. Qf3
b5 9. Bxf6 gxf6 10. e5 d5 11. exf6 Nd7 12. O-O-O Nxf6 13. f5 Bh6+ 14. Kb1 O-O
15. g4 Qf4 16. Qh3 Kh8 17. Bd3 Bg7 18. g5 Qxg5 19. fxe6 fxe6 20. Nxe6 Qe5 21.
Rhe1 Ne4 22. Bxe4 dxe4 23. Rxe4 Bxe6 24. Qxe6 Qh5 25. Qg4 Qf7 26. Rd7 Qf1+ 27.
Nd1 Rf7 28. Rxf7 Qxf7 29. c3 Rd8 30. Qe2 Qg6 31. Nf2 Rf8 32. Nd3 a5 33. a3 h6
34. h4 Qc6 35. h5 a4 36. Nf4 Rd8 37. Re6 Qh1+ 38. Kc2 Qa8 39. Re7 Qc8 40. Ne6
Rg8 41. Nxg7 1-0

[Event "Prva liga Centralne Srbije 2010"]
[Site "Valjevo"]
[Date "2010.09.20"]
[Round "3.6"]
[White "Cvetanovic, Uros"]
[Black "Lazic, Dragoljub"]
[Result "1-0"]
[WhiteElo "2218"]
[BlackElo "2319"]
[PlyCount "77"]
[EventDate "2010.09.18"]

1. Nc3 d5 2. e4 dxe4 3. Nxe4 Nf6 4. Nxf6+ gxf6 5. d4 Bf5 6. c3 e6 7. Ne2 Bd6 8.
Ng3 Bg6 9. Nh5 Rg8 10. Qf3 Nd7 11. Bh6 Bxh5 12. Qxh5 f5 13. Qf3 c6 14. Bc4 Nf6
15. g3 Qc7 16. O-O-O O-O-O 17. h3 Rg6 18. Be3 Nd5 19. Bd2 Rdg8 20. Bb3 Nf6 21.
Rhe1 Ne4 22. Be3 Ng5 23. Bxg5 Rxg5 24. Re2 f4 25. gxf4 Bxf4+ 26. Kb1 Kb8 27. a3
Bd6 28. Bc2 R8g7 29. c4 a6 30. Ka2 h5 31. Be4 Rg8 32. Re3 Ka7 33. Rb3 f5 34.
Bb1 c5 35. dxc5 Bxc5 36. Rbd3 R8g7 37. b4 Be7 38. Kb3 Bf6 39. Qe3+ 1-0